000
00276nam a2200109Ia 4500
008
220204s9999 xx 000 0 und d
082
_a
33:301
_b
HIR
100
_a
HIRSCH, Fred
245
0
_a
Social limits to growth
260
_a
London
_b
Routledge& Kegan Paul
_c
1976
942
_c
BK
999
_c
27790
_d
27790